[Event "Spijkenisse op-B 3rd"]
[Site "Spijkenisse"]
[Date "2013.10.26"]
[Round "2"]
[White "Van der Voorden, Michael"]
[Black "Koopman, Richard"]
[Result "1/2-1/2"]
[WhiteElo "1551"]
[BlackElo "1750"]
[PlyCount "83"]
[EventDate "2013.10.25"]
[EventType "swiss"]
[EventRounds "6"]
[EventCountry "NED"]
[SourceTitle "EXT 2014"]
[Source "ChessBase"]
[SourceDate "2013.11.20"]
[SourceVersion "1"]
[SourceVersionDate "2013.11.20"]
[SourceQuality "1"]

1. e4 e6 2. d4 d5 3. e5 c5 4. c3 Nc6 5. Nf3 Bd7 6. a3 Nge7 7. b4 cxd4 8. cxd4 Nf5 9. Bb2 b5 10. Nc3 a5 11. bxa5 Qxa5 12. g4 Nh6 13. Rg1 Be7 14. h4 0-0 15. Bh3 b4 16. axb4 Qxb4 17. Rxa8 Rxa8 18. Qd2 Na5 19. Nd1 Qb3 20. Qe3 Qc2 21. Bc3 Ba4 22. Qe2 Nc4 23. Qxc2 Bxc2 24. g5 Nf5 25. Bxf5 exf5 26. Ne3 Be4 27. Ke2 Ra2+ 28. Nd2 Nxd2 29. Bxd2 f4 30. Nf1 Bb4 31. Rg4 f3+ 32. Ke3 Bf5 33. Rg3 Bxd2+ 34. Nxd2 Bg6 35. Rxf3 Kf8 36. Rg3 Bc2 37. f4 Bf5 38. Ke2 Ra1 39. Nf1 Ra2+ 40. Ke3 Ra3+ 41. Kf2 Ra4 42. Ke3 1/2-1/2

[Event "NED-ch U20 op"]
[Site "Borne"]
[Date "2013.08.09"]
[Round "7"]
[White "Smit, Maarten"]
[Black "Van der Voorden, Michael"]
[Result "1/2-1/2"]
[WhiteElo "1764"]
[BlackElo "1551"]
[PlyCount "82"]
[EventDate "2013.08.05"]
[EventType "swiss"]
[EventRounds "9"]
[EventCountry "NED"]
[SourceTitle "EXT 2015"]
[Source "ChessBase"]
[SourceDate "2014.11.20"]
[SourceVersion "1"]
[SourceVersionDate "2014.11.20"]
[SourceQuality "1"]

1. e4 e6 2. d4 d5 3. e5 c5 4. c3 Nc6 5. Nf3 Qb6 6. a3 Bd7 7. b4 cxd4 8. cxd4 Rc8 9. Bb2 Nge7 10. Nc3 Ng6 11. Rc1 Be7 12. Na4 Qd8 13. Nc5 Bxc5 14. Rxc5 Nce7 15. Bd3 Rxc5 16. dxc5 Nf4 17. 0-0 Nxd3 18. Qxd3 a6 19. Nd4 Nc6 20. Qg3 0-0 21. f4 Nxd4 22. Bxd4 g6 23. Rf3 Re8 24. Qh3 h5 25. Bf2 Bb5 26. Bh4 Qd7 27. Bf6 d4 28. Rd3 Bxd3 29. Qxd3 Rc8 30. g4 hxg4 31. h3 g3 32. f5 Qb5 33. Qe4 Qc4 34. Qf4 Qe2 35. Qxg3 exf5 36. Qh4 Qe3+ 37. Kh2 Qe2+ 38. Kg1 Qh5 39. Qxd4 Qxh3 40. Qd7 Qe3+ 41. Kg2 Qe4+ 1/2-1/2